|
|
|
|
| LEADER |
00723nam a2200181Ia 4500 |
| 001 |
CTU_45545 |
| 008 |
210402s9999 xx 000 0 und d |
| 082 |
|
|
|a 337.597073051
|
| 082 |
|
|
|b T502
|
| 100 |
|
|
|a NGUYỄN ANH TUẤN
|
| 245 |
|
0 |
|a Quan hệ kinh tế Mỹ và Nhật với Việt Nam từ năm 1995 đến nay
|
| 245 |
|
0 |
|b Sách tham khảo
|
| 245 |
|
0 |
|c NGUYỄN ANH TUẤN, Nguyễn Thị Như Hoa
|
| 260 |
|
|
|a Hà Nội
|
| 260 |
|
|
|b Chính Trị Quốc Gia
|
| 260 |
|
|
|c 2001
|
| 650 |
|
|
|a international economic relations - japan,international economic relations - united states,international trade - case studies
|
| 980 |
|
|
|a Trung tâm Học liệu Trường Đại học Cần Thơ
|